000
00193nam a2200085Ia 4500
008
170620s9999 xx 000 0 und d
100
_a
M.LAXMIKANT
245
0
_a
LOK PRASHASHAN
260
_b
Tata Mc Graw Hill
260
_c
2013
999
_c
29694
_d
29694